Viagens de Gulliver (Registo nº 2120)

Detalhes MARC
000 -Etiqueta do registo
Cabeçalho 00756nam a22002651 4500
005 - Identificador da versão
Campo de controlo 20240813121925.0
095 ## -
-- PTBN00846186
100 ## - Dados gerais de processamento
Dados gerais de processamento 19941126d1969 da y0pory5003 ba
102 ## - Pais de publicação ou produção
País de publicação Portugal
101 0# - Língua de publicação
Língua do texto, banda sonora, etc. Português
106 ## - Campo de dados codificados: material textual
Dados codificados do material textual r
215 ## - Descrição física 
Indicação específica da natureza do documento e extensão da espécie 250, [1] p., [3] f.
Outras indicações físicas il.
Dimensões 19 cm
200 1# - Titulo e menção de responsabilidade
Título próprio Viagens de Gulliver
Primeira menção de responsabilidade Jonathan Swift
225 2# - Colecção 
Título próprio da colecção Biblioteca dos rapazes
Indicação de volume 11
205 ## - Menção da edição
Menção da edição 4ª ed
210 ## - Publicação, Distribuição, etc. 
Lugar da edição, distribuição, etc. Lisboa
Nome do editor, distribuidor, etc. Portugália
Data da publicação, distribuição, etc. 1969
304 ## - Notas relativas a título e menção de responsabilidade 
Texto da nota Tít. orig.: Gulliver's travels
606 ## - Nome comum usado como assunto
Número de registo de entrada de autoridade 0000229
Palavra de ordem Literatura estrangeira infanto-juvenil
Subdivisão de assunto Romance de aventuras
675 ## - Classificação Decimal Universal (CDU)
Notação 82-311.3
Edição
Língua da edição por
700 #1 - Nome de autor-pessoa física (responsabilidade principal)
Número de registo de entrada de autoridade 0000872
Palavra de ordem Swift
Outra parte do nome não tomada para palavra de ordem Jonathan
Datas 1667-1745
942 ## - Elementos de entrada adicionados (Koha)
Tipo de item no Koha Livro
Exemplares
Situação do levantamento Origin of item (home branch) (coded) Biblioteca de empréstimo Código de barras Cota Circulation type (not for loan) Tipo de documento Nota do exemplar Damaged status
  Biblioteca Escolar da Coca Maravilhas Biblioteca Escolar da Coca Maravilhas BECM2605/94 8EST SWI   Livro Sem mensagem